00238nam a2200085Ia 4500008004100000082001600041100002800057245004600085300002100131230907s9999||||xx |||||||||||||| ||und|| a658.26bBHA aBhattacharjee, Kaushik, 0aIndustrial energy management strategies : axii, 294 pages :